| 000 | 00910nam a2200265 i 4500 | ||
|---|---|---|---|
| 001 | bg | ||
| 245 | 0 | 0 |
_aLaboratorium wytrzymałości materiałów : _bopracowanie zbiorowe / _cpod red. Kazimierza Sobiesiaka i Kazimierza Szabelskiego ; Politechnika Lubelska. |
| 250 | _aWyd. 4 popr. i uzup. | ||
| 260 |
_aLublin : _bWydawnictwa Uczelniane PL, _c1998. |
||
| 300 |
_a122, [57] s. : _brys., wykr. ; _c24 cm. |
||
| 500 | _aU góry okł. nazwa przedmiotu : Mechanika. | ||
| 504 | _aBibliogr. s. 122. | ||
| 650 | 9 |
_aWytrzymałość materiałów _xbadanie _xmetody |
|
| 655 | _aĆwiczenia i zadania | ||
| 700 | 1 |
_aSOBIESIAK, Kazimierz. _eRed. |
|
| 700 | 1 |
_aSZABELSKI, Kazimierz. _eRed. |
|
| 710 | 0 | _aPolitechnika Lubelska | |
| 020 | _a8387270326 | ||
| 040 | _cBPK | ||
| 041 | 0 | _apl | |
| 080 | _a620.17(075.8)(076) | ||
| 920 | _a83-87270-32-6 | ||
| 942 | _cKS | ||
| 008 | s pl f |000 0 pol | ||
| 999 |
_c34624 _d34624 |
||
| 856 |
_uhttp://koha.tu.koszalin.pl/cgi-bin/koha/opac-detail.pl?biblionumber=34624 _yKatalog online BPK |
||